000 00831nam a2200253 a 4500
001 BRL_1046
005 20190320211018.0
008 051113s1979----u--ao#####---#000-0#eng-#
041 _aeng
044 _au
050 4 _aF1221.T25
_b.F66 1979
100 1 _aFontana, Bernard L.
_925670
245 1 0 _aThe material world of the Tarahumara
_ctext by Bernard L. Fontana ; photographs by Helga Teiwes.
260 _aFlagstaff, Arizona
_bArizona State Museum, University of Arizona
_c1979
300 _a84 p.
_bil. (algunas a color)
_c23 cm.
500 _aAu1204
504 _aBibliografía: p. 26
650 1 4 _aTarahumaras
_xVida social y costumbres
_925671
650 1 4 _aTarahumaras
_xTelas
_925672
650 1 4 _aIndígenas de México
_xArtesanías
_923950
700 1 _aTeiwes, Helga
_eil.
_925673
902 _aGRL
942 _2lcc
_cB
999 _c9858
_d9858